Man Or Woman Music - Statistics

General Stats
  • This quiz has been taken 27 times
  • The average score is 7 of 15
Answer Stats
Hint Answer % Correct
Oh Pretty Woman - 1964 Roy Orbison
95%
Maneater - 1982 Hall And Oates
75%
Man I Feel Like A Woman - 1999 Shania Twain
75%
Mr Tambourine Man - 1965 Byrds
70%
Woman - 1980 John Lennon
70%
Woman In Love - 1980 Barbra Streisand
60%
Sweet Talking Woman - 1978 Electric Light Orchestra
60%
When You're In Love With A Beautiful Woman - 1979 Dr Hook
50%
Devil Woman - 1976 Cliff Richard
45%
I'm Every Woman - 1978 Chaka Khan
40%
More Than A Woman - 1978 Tavares
20%
Painter Man - 1979 Boney M
10%
Brown Eyed Handsome Man - 1963 Buddy Holly
10%
You Think You're A Man - 1984 Divine
10%
A Woman In Love - 1979 Three Degrees
10%
No matching quizzes found
Score Distribution
Percent of People with Each Score
Percentile by Number Answered
Your Score History
You have not taken this quiz